Performance Analysis of a Madified Savonius Rotor (Record no. 66759)

MARC details
000 -LEADER
fixed length control field 00320nam a22001217a 4500
082 ## - DEWEY DECIMAL CLASSIFICATION NUMBER
Classification number R/3ME17
100 ## - MAIN ENTRY--AUTHOR NAME
Personal name Muhammad Hassan
-- 17ME39
245 ## - TITLE STATEMENT
Title Performance Analysis of a Madified Savonius Rotor
260 ## - PUBLICATION, DISTRIBUTION, ETC. (IMPRINT)
Place of publication Nawabshah
Name of publisher QUEST
Year of publication 2020
300 ## - PHYSICAL DESCRIPTION
Number of Pages 58
700 ## - ADDED ENTRY--PERSONAL NAME
Personal name Department of Mechanical Engineering
942 ## - ADDED ENTRY ELEMENTS (KOHA)
Koha item type Thesis and Dissertation
Holdings
Withdrawn status Lost status Home library Current library Date acquired Accession Number Koha item type
    Research Section Research Section 06/01/2021 MEP/34-428 Thesis and Dissertation